000
00302nam a2200145Ia 4500
100
_a
Dangwal/Parmesh
650
_a
General
942
_c
BK
654
_a
kiran bedi
245
_a
I dare:Kiran Bedi a Biography
260
_b
UBS
_c
2003
082
_a
920.72
_b
DAN
300
_a
362
546
_a
ENGLISH
999
_c
26000
_d
26000